<?xml version="1.0" encoding="UTF-8"?><marc:collection xmlns:marc="http://www.loc.gov/MARC21/slim">
  <marc:record>
    <marc:leader>00000nam##2200000za#4500</marc:leader>
    <marc:controlfield tag="001">9.695398</marc:controlfield>
    <marc:controlfield tag="003">CaOODSP</marc:controlfield>
    <marc:controlfield tag="005">20210624234546</marc:controlfield>
    <marc:controlfield tag="007">cr |||||||||||</marc:controlfield>
    <marc:controlfield tag="008">150407|1999||||xxc|||||o    f|0| 0 eng|d</marc:controlfield>
    <marc:datafield tag="040" ind1=" " ind2=" ">
      <marc:subfield code="a">CaOODSP</marc:subfield>
      <marc:subfield code="b">eng</marc:subfield>
    </marc:datafield>
    <marc:datafield tag="043" ind1=" " ind2=" ">
      <marc:subfield code="a">n-cn---</marc:subfield>
    </marc:datafield>
    <marc:datafield tag="086" ind1="1" ind2=" ">
      <marc:subfield code="a">H46-2/98-220-1E-PDF</marc:subfield>
    </marc:datafield>
    <marc:datafield tag="110" ind1="1" ind2=" ">
      <marc:subfield code="a">Canada.</marc:subfield>
      <marc:subfield code="b">Health Canada. </marc:subfield>
      <marc:subfield code="b">Environmental Health Directorate.</marc:subfield>
    </marc:datafield>
    <marc:datafield tag="245" ind1="1" ind2="0">
      <marc:subfield code="a">National ambient air quality objectives for particulate matter. Part 1, Science assessment document : </marc:subfield>
      <marc:subfield code="h">[electronic resource]</marc:subfield>
      <marc:subfield code="b">a report / </marc:subfield>
      <marc:subfield code="c">by the CEPA/FPAC Working Group on Air Quality Objectives and Guidelines. </marc:subfield>
    </marc:datafield>
    <marc:datafield tag="246" ind1="1" ind2=" ">
      <marc:subfield code="i">Additional title (within publication) : </marc:subfield>
      <marc:subfield code="a">National ambient air quality objectives for particular matter, addendum to the science assessment document</marc:subfield>
    </marc:datafield>
    <marc:datafield tag="260" ind1=" " ind2=" ">
      <marc:subfield code="a">Ottawa - Ontario : </marc:subfield>
      <marc:subfield code="b">Health Canada. </marc:subfield>
      <marc:subfield code="c">c1999.</marc:subfield>
    </marc:datafield>
    <marc:datafield tag="300" ind1=" " ind2=" ">
      <marc:subfield code="a">64, 29, 26, 19, 38, 42, 90, 60p. : </marc:subfield>
      <marc:subfield code="b">figs., glossary, graphs, maps, references, tables ; </marc:subfield>
      <marc:subfield code="e">Addendum to the science assessment document. December 1997, Rev. April 1999. 66, 63p. : graphs, tables, maps. Includes bibliographic references.</marc:subfield>
    </marc:datafield>
    <marc:datafield tag="500" ind1=" " ind2=" ">
      <marc:subfield code="a">Partial contents: Introduction -- Physical and chemical characteristics of PM --Sampling of particulate matter -- Sources of PM -- Ambient levels of particulate matter -- Human exposure assessment -- The aesthetic effects of particulate matter (visibility) -- Effects on vegetation --Effects on materials -- Toxicology -- Human health effects: clinical studies -- Human health effects: epidemiology studies -- Risk characterization -- Identification of the reference levels for particulate matter.</marc:subfield>
    </marc:datafield>
    <marc:datafield tag="500" ind1=" " ind2=" ">
      <marc:subfield code="a">The catalogue number (H46-2/98-220-1E) and ISBN (0-662-26715-X) for the print edition have been incorrectly copied in this electronic publication. For the executive summary see H46-2/98-220E-PDF.</marc:subfield>
    </marc:datafield>
    <marc:datafield tag="520" ind1="3" ind2=" ">
      <marc:subfield code="a">Included in this document is a description of PM (particulate matter): physical and chemical characteristics, monitoring methods, sources and behaviour in the environment, background and ambient concentrations, exposure of Canadians, and an evaluation of the available toxicological information and data. This is followed by the risk characterization for human and environmental receptors and the development of Reference Levels based on the scientific information.--Introduction.</marc:subfield>
    </marc:datafield>
    <marc:datafield tag="590" ind1=" " ind2=" ">
      <marc:subfield code="a">12-16-Supp</marc:subfield>
      <marc:subfield code="b">2012-04-17</marc:subfield>
    </marc:datafield>
    <marc:datafield tag="690" ind1="0" ind2="7">
      <marc:subfield code="a">Air quality</marc:subfield>
      <marc:subfield code="2">gcpds</marc:subfield>
    </marc:datafield>
    <marc:datafield tag="690" ind1="0" ind2="7">
      <marc:subfield code="a">Air pollution</marc:subfield>
      <marc:subfield code="2">gcpds</marc:subfield>
    </marc:datafield>
    <marc:datafield tag="690" ind1="0" ind2="7">
      <marc:subfield code="a">Health hazards</marc:subfield>
      <marc:subfield code="2">gcpds</marc:subfield>
    </marc:datafield>
    <marc:datafield tag="776" ind1="0" ind2="#">
      <marc:subfield code="t">National ambient air quality objectives for particulate matter : </marc:subfield>
      <marc:subfield code="w">(CaOODSP)9.646902</marc:subfield>
    </marc:datafield>
    <marc:datafield tag="856" ind1="4" ind2="0">
      <marc:subfield code="a">http://publications.gc.ca</marc:subfield>
      <marc:subfield code="q">PDF</marc:subfield>
      <marc:subfield code="s">652 KB</marc:subfield>
      <marc:subfield code="u">https://publications.gc.ca/collections/Collection/H46-2-98-220-1-2E.pdf</marc:subfield>
    </marc:datafield>
    <marc:datafield tag="856" ind1="4" ind2="0">
      <marc:subfield code="a">http://publications.gc.ca</marc:subfield>
      <marc:subfield code="q">PDF</marc:subfield>
      <marc:subfield code="s">660 KB</marc:subfield>
      <marc:subfield code="u">https://publications.gc.ca/collections/Collection/H46-2-98-220-1-7E.pdf</marc:subfield>
    </marc:datafield>
    <marc:datafield tag="856" ind1="4" ind2="0">
      <marc:subfield code="a">http://publications.gc.ca</marc:subfield>
      <marc:subfield code="q">PDF</marc:subfield>
      <marc:subfield code="s">520 KB</marc:subfield>
      <marc:subfield code="u">https://publications.gc.ca/collections/Collection/H46-2-98-220-1-10E.pdf</marc:subfield>
    </marc:datafield>
    <marc:datafield tag="856" ind1="4" ind2="0">
      <marc:subfield code="a">http://publications.gc.ca</marc:subfield>
      <marc:subfield code="q">PDF</marc:subfield>
      <marc:subfield code="s">550 KB</marc:subfield>
      <marc:subfield code="u">https://publications.gc.ca/collections/Collection/H46-2-98-220-1-1E.pdf</marc:subfield>
    </marc:datafield>
    <marc:datafield tag="856" ind1="4" ind2="0">
      <marc:subfield code="a">http://publications.gc.ca</marc:subfield>
      <marc:subfield code="q">PDF</marc:subfield>
      <marc:subfield code="s">614 KB</marc:subfield>
      <marc:subfield code="u">https://publications.gc.ca/collections/Collection/H46-2-98-220-1-3E.pdf</marc:subfield>
    </marc:datafield>
    <marc:datafield tag="856" ind1="4" ind2="0">
      <marc:subfield code="a">http://publications.gc.ca</marc:subfield>
      <marc:subfield code="q">PDF</marc:subfield>
      <marc:subfield code="s">681 KB</marc:subfield>
      <marc:subfield code="u">https://publications.gc.ca/collections/Collection/H46-2-98-220-1-9E.pdf</marc:subfield>
    </marc:datafield>
    <marc:datafield tag="856" ind1="4" ind2="0">
      <marc:subfield code="a">http://publications.gc.ca</marc:subfield>
      <marc:subfield code="q">PDF</marc:subfield>
      <marc:subfield code="s">308 KB</marc:subfield>
      <marc:subfield code="u">https://publications.gc.ca/collections/Collection/H46-2-98-220-1-8E.pdf</marc:subfield>
    </marc:datafield>
    <marc:datafield tag="856" ind1="4" ind2="0">
      <marc:subfield code="a">http://publications.gc.ca</marc:subfield>
      <marc:subfield code="q">PDF</marc:subfield>
      <marc:subfield code="s">649 KB</marc:subfield>
      <marc:subfield code="u">https://publications.gc.ca/collections/Collection/H46-2-98-220-1-5E.pdf</marc:subfield>
    </marc:datafield>
    <marc:datafield tag="856" ind1="4" ind2="0">
      <marc:subfield code="a">http://publications.gc.ca</marc:subfield>
      <marc:subfield code="q">PDF</marc:subfield>
      <marc:subfield code="s">299 KB</marc:subfield>
      <marc:subfield code="u">https://publications.gc.ca/collections/Collection/H46-2-98-220-1-6E.pdf</marc:subfield>
    </marc:datafield>
    <marc:datafield tag="856" ind1="4" ind2="0">
      <marc:subfield code="a">http://publications.gc.ca</marc:subfield>
      <marc:subfield code="q">PDF</marc:subfield>
      <marc:subfield code="s">701 KB</marc:subfield>
      <marc:subfield code="u">https://publications.gc.ca/collections/Collection/H46-2-98-220-1-4E.pdf</marc:subfield>
    </marc:datafield>
  </marc:record>
</marc:collection>
